<?xml version="1.0" encoding="UTF-8"?>
<record
    xmlns:xsi="http://www.w3.org/2001/XMLSchema-instance"
    xsi:schemaLocation="http://www.loc.gov/MARC21/slim http://www.loc.gov/standards/marcxml/schema/MARC21slim.xsd"
    xmlns="http://www.loc.gov/MARC21/slim">

  <leader>01899nam a2200361 i 4500</leader>
  <controlfield tag="003">DO-SdBNP</controlfield>
  <controlfield tag="005">20260211140906.0</controlfield>
  <controlfield tag="007">ta</controlfield>
  <controlfield tag="008">230629b1978    dr a|||| |||| 00| 0 spa d</controlfield>
  <datafield tag="040" ind1=" " ind2=" ">
    <subfield code="a">DO-SdBNP</subfield>
    <subfield code="b">spa</subfield>
    <subfield code="c">BNPHU</subfield>
    <subfield code="e">rda</subfield>
  </datafield>
  <datafield tag="041" ind1=" " ind2=" ">
    <subfield code="a">spa</subfield>
  </datafield>
  <datafield tag="082" ind1=" " ind2="4">
    <subfield code="a">RD863.44</subfield>
    <subfield code="b">D542a 1978</subfield>
    <subfield code="2">22</subfield>
  </datafield>
  <datafield tag="100" ind1="1" ind2=" ">
    <subfield code="a">D&#xED;az Grull&#xF3;n, Virgilio,</subfield>
    <subfield code="d">1924-2001</subfield>
    <subfield code="e">autor</subfield>
    <subfield code="4">aut.</subfield>
    <subfield code="9">501</subfield>
  </datafield>
  <datafield tag="245" ind1="1" ind2="4">
    <subfield code="a">Los algarrobos tambi&#xE9;n sue&#xF1;an /</subfield>
    <subfield code="c">Virgilio D&#xED;az Grull&#xF3;n ; pr&#xF3;logo, Mar&#xED;a del Carmen P. de Rivera ; ilustraciones, Fernando Ure&#xF1;a Rib.</subfield>
  </datafield>
  <datafield tag="250" ind1=" " ind2=" ">
    <subfield code="a">Segunda edici&#xF3;n</subfield>
  </datafield>
  <datafield tag="264" ind1=" " ind2="1">
    <subfield code="a">Santo Domingo :</subfield>
    <subfield code="b">Ediciones de Taller,</subfield>
    <subfield code="c">1978.</subfield>
  </datafield>
  <datafield tag="300" ind1=" " ind2=" ">
    <subfield code="a">93 p&#xE1;ginas :</subfield>
    <subfield code="b">ilustraciones ;</subfield>
    <subfield code="c">21 cm.</subfield>
  </datafield>
  <datafield tag="336" ind1=" " ind2=" ">
    <subfield code="a">texto</subfield>
    <subfield code="b">txt</subfield>
    <subfield code="2">rdacontent</subfield>
  </datafield>
  <datafield tag="337" ind1=" " ind2=" ">
    <subfield code="a">sin mediaci&#xF3;n</subfield>
    <subfield code="b">n</subfield>
    <subfield code="2">rdamedia</subfield>
  </datafield>
  <datafield tag="338" ind1=" " ind2=" ">
    <subfield code="a">volumen</subfield>
    <subfield code="b">nc</subfield>
    <subfield code="2">rdacarrier</subfield>
  </datafield>
  <datafield tag="490" ind1="0" ind2=" ">
    <subfield code="a">Colecci&#xF3;n Biblioteca Taller</subfield>
    <subfield code="v">78</subfield>
  </datafield>
  <datafield tag="505" ind1="2" ind2=" ">
    <subfield code="a">Apuntes sobre un narrador dominicano /</subfield>
    <subfield code="r">Mar&#xED;a del Carmen Prosdocimi de Rivera --</subfield>
    <subfield code="t">Los algarrobos tambi&#xE9;n sue&#xF1;an--</subfield>
    <subfield code="t">cinco a&#xF1;os de hist&#xE9;ricas arengas --</subfield>
    <subfield code="t">As&#xED;, cuando las hojas m&#xE1;s altas --</subfield>
    <subfield code="t">En la ruta de su inexorable descenso --</subfield>
    <subfield code="t">Mientras otra rama del &#xE1;rbol --</subfield>
    <subfield code="t">Tan pronto la fuerza de la gravedad --</subfield>
    <subfield code="t">En el preciso instante en que una de sus piernas --</subfield>
    <subfield code="t">Al tiempo que su frente quebraba --</subfield>
    <subfield code="t">La velocidad de la ca&#xED;da aument&#xF3; --</subfield>
    <subfield code="t">En la etapa final de su largo viaje --</subfield>
    <subfield code="t">Al momento de disparar.</subfield>
  </datafield>
  <datafield tag="586" ind1=" " ind2=" ">
    <subfield code="a">Premio Nacional Novela 1977</subfield>
  </datafield>
  <datafield tag="590" ind1=" " ind2=" ">
    <subfield code="a">Inventariado, 2023/BT</subfield>
  </datafield>
  <datafield tag="600" ind1="1" ind2="4">
    <subfield code="a">D&#xED;az Grull&#xF3;n, Virgilio,</subfield>
    <subfield code="d">1924-2001</subfield>
    <subfield code="x">Cr&#xED;tica e interpretaci&#xF3;n</subfield>
    <subfield code="9">28780</subfield>
  </datafield>
  <datafield tag="650" ind1=" " ind2="7">
    <subfield code="a">Novela hist&#xF3;rica dominicana.</subfield>
    <subfield code="9">860</subfield>
  </datafield>
  <datafield tag="650" ind1=" " ind2="4">
    <subfield code="a">Literatura dominicana.</subfield>
    <subfield code="9">67</subfield>
  </datafield>
  <datafield tag="651" ind1=" " ind2="4">
    <subfield code="a">Rep&#xFA;blica Dominicana</subfield>
    <subfield code="x">Historia</subfield>
    <subfield code="x">Novela</subfield>
    <subfield code="9">10015</subfield>
  </datafield>
  <datafield tag="700" ind1="1" ind2=" ">
    <subfield code="a">Mar&#xED;a del Carmen,  P. Rivera de,</subfield>
    <subfield code="e">prologuista</subfield>
    <subfield code="4">pr.</subfield>
    <subfield code="9">28818</subfield>
  </datafield>
  <datafield tag="700" ind1="1" ind2=" ">
    <subfield code="a">Ure&#xF1;a Rib, Fernando,</subfield>
    <subfield code="d">1951-</subfield>
    <subfield code="e">ilustrador</subfield>
    <subfield code="4">il.</subfield>
    <subfield code="9">30237</subfield>
  </datafield>
  <datafield tag="910" ind1=" " ind2=" ">
    <subfield code="a">Btav&#xE1;rez/Validado. Control de calidad MFF</subfield>
  </datafield>
  <datafield tag="942" ind1=" " ind2=" ">
    <subfield code="2">ddc</subfield>
    <subfield code="c">LBS1</subfield>
  </datafield>
  <datafield tag="952" ind1=" " ind2=" ">
    <subfield code="0">0</subfield>
    <subfield code="1">0</subfield>
    <subfield code="2">ddc</subfield>
    <subfield code="5">1</subfield>
    <subfield code="7">0</subfield>
    <subfield code="8">PD</subfield>
    <subfield code="a">BNPHU</subfield>
    <subfield code="b">BNPHU</subfield>
    <subfield code="c">HD</subfield>
    <subfield code="d">2023-06-29</subfield>
    <subfield code="l">0</subfield>
    <subfield code="o">BNPHU PD RD863.44 D542a 1978</subfield>
    <subfield code="p">2023-2899</subfield>
    <subfield code="r">2023-06-29</subfield>
    <subfield code="w">2023-06-29</subfield>
    <subfield code="y">LBS1</subfield>
  </datafield>
  <datafield tag="999" ind1=" " ind2=" ">
    <subfield code="c">54012</subfield>
    <subfield code="d">54012</subfield>
  </datafield>
</record>
